[Event "Open"]
[Site "Zadar CRO"]
[Date "2004.12.17"]
[Round "7"]
[White "Rezan,Sasa"]
[Black "Cvitan,O"]
[Result "1-0"]
[WhiteElo "2416"]
[BlackElo "2532"]

1.d4 Nf6 2.c4 e6 3.Nf3 c5 4.d5 d6 5.Nc3 exd5 6.cxd5 g6 7.h3 a6 8.a4 Qe7 9.Bf4 Nbd7
10.e3 Bg7 11.Be2 O-O 12.O-O Rb8 13.Qc2 Ne8 14.Rab1 h6 15.Rfe1 f5 16.Bg3 Qf6
17.Na2 Kh8 18.b4 Nc7 19.bxc5 Nxc5 20.Rb6 Ne8 21.Qxc5 f4 22.Bxf4 Qxf4 23.Qxc8 Qxf3
24.Bxf3 Rxc8 25.Rxb7 Rc4 26.Nb4 a5 27.Nd3 g5 28.Nb2 Bxb2 29.Rxb2 Rxa4 30.Rb8 Kg7
31.Reb1 Nf6 32.R8b6 Rd8 33.Ra6 h5 34.g4 hxg4 35.hxg4 Nxg4 36.Bxg4 Rxg4+ 37.Kf1 Ra4
38.Rbb6 Ra1+ 39.Kg2 Ra2 40.Rxd6 Rf8 41.Rg6+ Kh7 42.Rh6+ Kg7 43.Rag6+ Kf7
44.Rf6+ Kg7 45.Rfg6+ Kf7 46.Rf6+ Kg7 47.Rxf8 Kxf8 48.Rg6 Ke7 49.Rxg5 a4 50.Rg6 Ra1
51.e4 Kd7 52.Ra6 a3 53.Kf3  1-0

[Event "Open"]
[Site "Zadar CRO"]
[Date "2004.12.19"]
[Round "9"]
[White "Skrbin,K"]
[Black "Ljubas,A"]
[Result "1/2-1/2"]
[WhiteElo "2182"]
[BlackElo "2119"]

1.d4 Nf6 2.Nf3 e6 3.c4 c5 4.d5 exd5 5.cxd5 d6 6.Nc3 a6 7.a4 g6 8.g3 Bg7 9.Bg2 O-O
10.O-O Re8 11.h3 Nbd7 12.Nd2 Qc7 13.Nc4 Ne5 14.Nxe5 Rxe5 15.f4 Re8 16.Kh2 Bf5
17.g4 Be4 18.Bf3 Bxf3 19.exf3 Rab8 20.a5 Nd7 21.Qc2 c4 22.Ra4 Rbc8 23.Ne4 b5
24.axb6 Qxb6 25.Rxc4 Rxc4 26.Qxc4 Bxb2 27.Bxb2 Qxb2+ 28.Rf2 Qb6 29.Qc6 Rd8
30.Rc2 Kg7 31.g5 a5 32.Kg3 Qg1+ 33.Rg2 Qe1+ 34.Kh2 Qb4 35.Qc7 Qb8 36.Qc3+ Kg8
37.Qxa5 Nc5 38.Nf6+ Kf8 39.Qc3 Qb3 40.Nxh7+ Kg8 41.Nf6+ Kf8 42.Qxb3 Nxb3
43.Rb2 Nd4 44.Kg2 Nf5 45.Kf2 Kg7 46.Re2 Kf8 47.Re1 Ra8 48.Ke2 Nd4+ 49.Kf2 Nf5
50.Re4 Rc8 51.Ke1 Ng3 52.Re3 Nf5 53.Re2 Nd4  1/2-1/2

[Event "zt 3.1"]
[Site "Beirut LIB"]
[Date "2004.12.21"]
[Round "9"]
[White "Khader,S"]
[Black "Hakki,I"]
[Result "1/2-1/2"]
[WhiteElo "2362"]
[BlackElo "2449"]

1.d4 Nf6 2.c4 e6 3.Nf3 c5 4.d5 d6 5.Nc3 exd5 6.cxd5 g6 7.Nd2 Nbd7 8.Nc4 Nb6
9.e4 Bg7 10.Nxb6 Qxb6 11.Bb5+ Bd7 12.Bxd7+ Nxd7 13.O-O O-O 14.Qc2 a6 15.Bg5 h6
16.Be3 Rae8 17.Rae1 Qa5 18.f4 b5 19.e5 dxe5 20.f5 e4 21.Nxe4 Qb4 22.Bc1 g5
23.Kh1 Qd4 24.d6 Nf6 25.Nxf6+ Bxf6 26.Rd1 Qe5 27.d7 Rd8 28.Qd3 Qc7 29.Be3 Bd4
30.Bxd4 Qxd7 31.Qh3 cxd4 32.Qxh6 f6 33.Rxd4 Qxd4 34.Qg6+ Kh8 35.Qh6+ Kg8
36.Qg6+ Kh8 37.Qh6+ Kg8  1/2-1/2

[Event "Open"]
[Site "Lindsborg USA"]
[Date "2004.12.21"]
[Round "8"]
[White "Muhammad,S"]
[Black "Langer,M USA"]
[Result "0-1"]
[WhiteElo "2387"]
[BlackElo "2280"]

1.d4 Nf6 2.Nf3 e6 3.c4 c5 4.d5 exd5 5.cxd5 d6 6.Nc3 g6 7.Bf4 Bg7 8.e3 O-O
9.Bc4 a6 10.a4 Qe7 11.O-O h6 12.h3 Bf5 13.g4 Bc8 14.Re1 h5 15.Nh2 Nbd7 16.Bf1 Re8
17.Bg5 Qf8 18.f4 hxg4 19.hxg4 Ne4 20.Nxe4 Rxe4 21.Qc2 Qe8 22.Kf2 Nb6 23.a5 Nxd5
24.Bg2 Rb4 25.Rab1 Nf6 26.Qd3 Nxg4+ 27.Nxg4 Bxg4 28.Qxd6 Bf5 29.Rbc1 Rxb2+
30.Kg3 Be4 31.Bh3 Bc6 32.Rc4 Bb5 33.Rxc5 Qe4 34.Bf6 Be2 35.Bg2 Qxe3+ 36.Kh2 Rd2
37.Qe5 Qf2 38.Bxg7 Qh4+  0-1

[Event "21st Open"]
[Site "Boeblinger GER"]
[Date "2004.12.27"]
[Round "2"]
[White "Delemarre,J"]
[Black "Baldauf,Marc"]
[Result "1-0"]
[WhiteElo "2449"]
[BlackElo "2146"]

1.d4 Nf6 2.c4 c5 3.d5 e6 4.Nc3 exd5 5.cxd5 d6 6.Nf3 g6 7.Nd2 Nbd7 8.e4 a6
9.a4 Bg7 10.Be2 O-O 11.O-O Re8 12.h3 Rb8 13.a5 Qc7 14.Qc2 h6 15.Ra3 Nf8 16.Nc4 N6d7
17.Bf4 Ne5 18.Nxe5 Rxe5 19.Bxe5 Bxe5 20.f4 Bd4+ 21.Kh1 Qd8 22.Bc4 Qh4 23.Ne2 Bg7
24.Rb3 Nd7 25.e5 dxe5 26.d6 Nf8 27.fxe5 Be6 28.Bxe6 Nxe6 29.Rbf3 Rf8 30.Qb3 Qb4
31.Qd5 Ng5 32.Rxf7 Rxf7 33.d7 Kh7 34.Rxf7 Nxf7 35.Qxf7 Qe1+ 36.Ng1  1-0

[Event "GM"]
[Site "Augsburg GER"]
[Date "2004.12.30"]
[Round "4"]
[White "Pitl,G"]
[Black "Bromberger,S"]
[Result "1/2-1/2"]
[WhiteElo "2305"]
[BlackElo "2440"]

1.d4 Nf6 2.c4 e6 3.Nf3 c5 4.d5 exd5 5.cxd5 d6 6.Nc3 g6 7.Nd2 Bg7 8.Nc4 a6
9.a4 Nh5 10.e4 O-O 11.Be2 Qe7 12.O-O Nf6 13.f3 Nbd7 14.Re1 Ne8 15.Bf1 g5  1/2-1/2

[Event "Oceania zt"]
[Site "Auckland NZL"]
[Date "2005.01.30"]
[Round "1"]
[White "Lukey,S"]
[Black "Stojic,D"]
[Result "1/2-1/2"]
[WhiteElo "2281"]
[BlackElo "2036"]

1.d4 Nf6 2.Nf3 c5 3.d5 e6 4.c4 exd5 5.cxd5 d6 6.Nc3 g6 7.e4 Bg7 8.h3 O-O
9.Bd3 b5 10.Nxb5 Re8 11.O-O Nxe4 12.Re1 a6 13.Na3 Nf6 14.Rxe8+ Nxe8 15.Nc4 Nd7
16.Bg5 Qc7 17.Qd2 Bb7 18.Bf1 Nb6 19.Nxb6 Qxb6 20.Re1 Nf6 21.Bc4 Qb4 22.Qe2 h6
23.Bd2 Qxb2 24.Qd3 Qb6 25.Rb1 Qc7 26.Qb3 Ra7 27.Bc3 Bc8 28.Re1 Rb7 29.Qa3 Rb8
30.Nd2 Bb7 31.Ba5 Qd7 32.Qd3 Re8 33.Rb1  1/2-1/2

[Event "Open"]
[Site "Geneva SUI"]
[Date "2005.01.30"]
[Round "9"]
[White "Daverio,E"]
[Black "Vuilleumier,A"]
[Result "0-1"]
[WhiteElo "2101"]
[BlackElo "2280"]

1.d4 Nf6 2.c4 c5 3.d5 e6 4.Nc3 exd5 5.cxd5 d6 6.Nf3 g6 7.Bf4 Nh5 8.Bg5 f6
9.Bd2 Bg7 10.Qa4+ Qd7 11.Qb3 O-O 12.e4 b6 13.Bb5 Qf7 14.O-O a6 15.Bc6 Nxc6
16.dxc6 b5 17.Qxf7+ Rxf7 18.Nd5 Be6 19.h3 Bf8 20.b4 Rc8 21.bxc5 dxc5 22.Bc3 Bxd5
23.exd5 Nf4 24.Rfe1 Nxd5 25.Bb2 Rxc6 26.Rad1 Nb6 27.Rd8 Na4 28.Bc1 Kg7 29.Ree8 c4
30.Nd4 Rb6 31.Ne6+ Rxe6 32.Rxe6 Nc5 33.Rc6 Nd3 34.Bd2 Nb4 35.Rxf8 Nxc6 36.Bh6+ Kxh6
37.Rxf7 Nd4 38.a4 Ne6 39.axb5 c3 40.Rf8 axb5 41.Rc8 b4  0-1

[Event "Open"]
[Site "Bermuda BER"]
[Date "2005.02.13"]
[Round "5"]
[White "Simon,Je"]
[Black "Faulks,N"]
[Result "1/2-1/2"]
[WhiteElo "2147"]
[BlackElo "2063"]

1.d4 Nf6 2.c4 c5 3.d5 e6 4.Nc3 exd5 5.cxd5 d6 6.Nf3 g6 7.Bf4 Bg7 8.Qa4+ Bd7
9.Qb3 Qc7 10.e4 O-O 11.Bd3 Re8 12.O-O c4 13.Qxc4 Qxc4 14.Bxc4 Nxe4 15.Rae1 Bxc3
16.bxc3 Na6 17.Nd2 Nac5 18.Nxe4 Nxe4 19.f3 Nxc3 20.Bxd6 Bb5 21.Bxb5 Nxb5
22.Be7 Nd4 23.d6 Nf5 24.Re5 Nxe7 25.Rfe1 Rad8 26.Rxe7 Rxe7 27.Rxe7 Rxd6 28.Rxb7 Rd1+
29.Kf2 Rd2+ 30.Kg3 Rxa2 31.Kh3 h5 32.Kg3 Kg7 33.h4 Kf6 34.Kh3 a5 35.Ra7 Ke6
36.Kg3 f6 37.Rb7 Rd2 38.Ra7 Rd5 39.Kf2 Ke5 40.Ke3 Kf5 41.Ra6 g5 42.hxg5 fxg5
43.Ra8 h4 44.Ra6 Rb5 45.Kf2 Rb2+ 46.Kg1 Ra2 47.Kh2 a4 48.Kh3 a3 49.Kh2 Ra1
50.Ra4 a2 51.Ra8 Ke5  1/2-1/2

[Event "Mayor de Chile"]
[Site "Santiago CHI"]
[Date "2005.02.16"]
[Round "3"]
[White "Vargas,I"]
[Black "Arancibia,E"]
[Result "1/2-1/2"]
[WhiteElo "2214"]
[BlackElo "2364"]

1.d4 Nf6 2.Nf3 e6 3.c4 c5 4.d5 exd5 5.cxd5 d6 6.Nc3 g6 7.g3 Bg7 8.Bg2 O-O
9.O-O Na6 10.Nd2 Nc7 11.a4 b6 12.h3 Ba6 13.Re1 Re8 14.Nf1 Nd7 15.f4 c4 16.Ne4 Qe7
17.Ra3 Nc5 18.Nxc5 bxc5 19.Kh2 Rab8 20.Qc2 Rb4 21.Ne3 Reb8 22.Nd1 Rb3 23.Ra2 h5
24.h4 Ne8 25.Bd2 Nf6 26.Nf2 Ng4+ 27.Nxg4 Rxb2 28.Nh6+ Kh7 29.Rxb2 Rxb2 30.Qc1 Kxh6
31.f5+ Kh7 32.Bg5 Qe5 33.f6 Bf8 34.e4 Ra2 35.Bf4 Qxf6 36.e5 dxe5 37.Rxe5 Bd6
38.Re4 c3 39.Bxd6 Qf1 40.Qxf1 Bxf1 41.Kg1 c2 42.Bf4 Bxg2 43.Rc4 Bxd5 44.Rxc5 Ra1+
45.Kf2 Rxa4 46.Rxc2 Ra2 47.Rxa2 Bxa2 48.Be5 Kg8 49.Ke3 Kf8 50.Bf6 Ke8 51.Kd4 Kd7
52.Ke5 Kc6 53.Be7 Be6 54.Kd4 Kd7 55.Bf6 Bh3 56.Bg5 Ke6 57.Bf4 Kf5 58.Kc5 Bf1
59.Bb8 a6 60.Kd4 f6 61.Ke3 Bb5 62.Bc7 Kg4 63.Kf2 g5 64.Bd8 Kf5 65.hxg5 fxg5
66.Kf3 Bc6+ 67.Kf2 Kg4 68.Bc7 h4 69.gxh4 Kxh4 70.Bg3+ Kg4 71.Bc7 Kf5 72.Kg3 g4
73.Ba5 Bf3 74.Bc7 Ke4 75.Kf2 Kd3 76.Bb6 Kc4 77.Bc7 Kb5 78.Ke3 a5 79.Kd3 a4
80.Kc3 Kc5 81.Kb2 Kd4 82.Ka2 Bd5+ 83.Ka1 Bf7  1/2-1/2

[Event "Extraliga CZE 2004-5"]
[Site "Czech Rep CZE"]
[Date "2005.02.19"]
[Round "6"]
[White "Timoscenko,G"]
[Black "Simacek,P"]
[Result "0-1"]
[WhiteElo "2510"]
[BlackElo "2432"]

1.d4 Nf6 2.c4 c5 3.d5 e6 4.Nc3 exd5 5.cxd5 d6 6.Nf3 g6 7.Nd2 Bg7 8.e4 O-O
9.Be2 Re8 10.O-O Na6 11.Re1 Nc7 12.a4 a6 13.Bf1 Rb8 14.a5 Bd7 15.Qb3 Nb5
16.Nxb5 Bxb5 17.Bxb5 axb5 18.Qxb5 Nxd5 19.Nf3 Nb4 20.Re2 Re6 21.Bf4 Qe8 22.Qxe8+ Rbxe8
23.Rd2 Bf8 24.Rad1 Rxe4 25.Bxd6 Bh6 26.Kf1 Bxd2 27.Nxd2 Rh4 28.Bxc5 Nd3 29.Nf3 Nxb2
30.Rb1 Rc4 31.Be3 Rb4 32.Bd2 Rb3 33.Bc1 Rc8 34.Ne1 Rc5 35.Rxb2 Rxb2 36.Bxb2 Rxa5
37.Ke2 Kf8 38.Kd3 Ke7 39.Nc2 Ra8 40.g4 Ke6 41.f4 Rc8 42.f5+ gxf5 43.Nd4+ Ke5
44.Ne2+ Kd6 45.gxf5 Rg8 46.Ng3 Rg4 47.Ne4+ Kc6 48.Nf6 Rf4 49.Nxh7 Rxf5 50.Nf6 Kd6
51.h4 Ke6 52.Ne4 Rf3+ 53.Ke2 Rf4 54.Ng5+ Kd5 55.Nf3 Ke4 56.Ng5+ Kf5 57.Nxf7 Rxh4
58.Kd3 Ke6 59.Nd8+ Kd5 60.Kc2 b6 61.Nf7 Kc4 62.Ne5+ Kb4 63.Nd3+ Ka4 64.Bf6 Rh2+
65.Kc3 Rh3 66.Be7 Kb5 67.Kd4 Rh7 68.Bd6 Rd7 69.Kd5 Rd8 70.Ne5 Rc8 71.Nd3 Rc3
72.Kd4 Rc8 73.Ke3 Rc6 74.Bf8 Rc8 75.Bg7 Kc4 76.Ne5+ Kb3 77.Nf3 Rd8 78.Bd4 b5
79.Kd3 Rc8 80.Nd2+ Ka4 81.Be5 Rc1 82.Bb2 Rc6 83.Bd4 Kb4 84.Ne4 Ka3 85.Bc5+ Kb3
86.Nd2+ Kb2 87.Kd4 Rc8 88.Bb4 Kc2 89.Nf3  0-1

[Event "3rd Breizh Masters Women"]
[Site "Guingamp FRA"]
[Date "2005.02.22"]
[Round "5"]
[White "Foisor,S"]
[Black "Matseyko,K"]
[Result "1-0"]
[WhiteElo "2229"]
[BlackElo "2220"]

1.d4 Nf6 2.c4 c5 3.d5 e6 4.Nc3 exd5 5.cxd5 d6 6.Nf3 g6 7.Nd2 a6 8.a4 Nbd7
9.e4 Bg7 10.Be2 O-O 11.O-O Rb8 12.f4 Re8 13.Kh1 Re7 14.Ra2 Ne8 15.Bd3 Ndf6
16.a5 b5 17.axb6 Rxb6 18.Nc4 Rb4 19.e5 dxe5 20.Nxe5 Bb7 21.Bxa6 Ba8 22.Be3 Rxe5
23.fxe5 Ng4 24.Bf4 Qh4 25.Bg3 Qh6 26.Qf3 f5 27.exf6 Nexf6 28.Bc8 Bb7 29.Bxb7 Rxb7
30.Ra8+ Bf8 31.d6 Rf7 32.Ne4 g5 33.Nxc5  1-0

[Event "12th Metalis Open"]
[Site "Bizovac CRO"]
[Date "2005.02.26"]
[Round "6"]
[White "Zimmerman,Y"]
[Black "Vargic,D"]
[Result "1-0"]
[WhiteElo "2363"]
[BlackElo "2316"]

1.d4 e6 2.c4 Nf6 3.Nf3 c5 4.d5 exd5 5.cxd5 d6 6.Nc3 g6 7.h3 Bg7 8.e4 O-O
9.Bd3 Re8 10.O-O a6 11.a4 c4 12.Bc2 Nbd7 13.Be3 Qc7 14.Bd4 Ne5 15.Nxe5 dxe5
16.Be3 b6 17.Qd2 Qd6 18.Qe2 Nh5 19.Qxc4 Bd7 20.Qe2 Nf4 21.Qd2 f5 22.exf5 gxf5
23.Bxf4 exf4 24.Bd1 b5 25.axb5 axb5 26.Bf3 Be5 27.Ne2 Ra4 28.Nc3 Rd4 29.Qc2 Rc4
30.Qd3 Rec8 31.Nd1 Qc5 32.Qa3 b4 33.Qa7 Qxa7 34.Rxa7 R4c7 35.Rxc7 Rxc7 36.Re1 Bd6
37.b3 Rc1 38.Be2 Rb1 39.Bc4 Kg7 40.Kf1 Kf6 41.Ke2 Bc5 42.Kd2 Bd4 43.Re2 f3
44.gxf3 f4 45.Re4 Be5 46.Bd3 Rxb3 47.Bc2 Rxf3 48.Rxb4 Rxh3 49.Rb6+ Kg5 50.Rb7 Bf5  1-0

[Event "3rd Breizh Masters Women"]
[Site "Guingamp FRA"]
[Date "2005.02.26"]
[Round "9"]
[White "Foisor,S"]
[Black "Benmesbah,N"]
[Result "0-1"]
[WhiteElo "2229"]
[BlackElo "2066"]

1.d4 Nf6 2.c4 c5 3.d5 e6 4.Nc3 exd5 5.cxd5 d6 6.Nf3 g6 7.Nd2 Bg7 8.e4 O-O
9.Be2 Na6 10.O-O Nc7 11.f4 Re8 12.Bd3 Ng4 13.Nf3 b5 14.h3 c4 15.hxg4 cxd3
16.Qxd3 b4 17.Ne2 Ba6 18.Qd2 Rxe4 19.Ng3 Re8 20.Rd1 Qd7 21.f5 Rab8 22.Qf4 Rb5
23.f6 Nxd5 24.Rxd5 Rxd5 25.fxg7 Rd1+ 26.Kh2 Bb7 27.Nd4 Qe7 28.Ndf5 gxf5 29.gxf5 Qe1
30.Be3 Rxa1 31.Bd4 Qc1 32.Qh4 Qc6 33.Qh3 Qd5 34.Bf6 Qd1 35.Qh4 Qg1+ 36.Kh3 Qxg2+
37.Kg4 Re4+ 38.Kh5 Rxh4+ 39.Bxh4 Bf3+ 40.Kh6 Qh3  0-1

[Event "Acropolis Women's GM Open"]
[Site "Athens GRE"]
[Date "2005.03.08"]
[Round "3"]
[White "Kiseleva,N"]
[Black "Stiri,A"]
[Result "1-0"]
[WhiteElo "2286"]
[BlackElo "2175"]

1.d4 Nf6 2.c4 e6 3.Nf3 c5 4.d5 exd5 5.cxd5 d6 6.Nc3 g6 7.Bf4 a6 8.e4 Bg4
9.Be2 Nbd7 10.O-O Nh5 11.Bg5 Be7 12.Bh6 Bxf3 13.Bxf3 Nhf6 14.Re1 Rb8 15.a4 Qb6
16.Rb1 Qb4 17.h3 Bf8 18.Bf4 Ne5 19.Be2 Bg7 20.Bd2 O-O 21.Bf1 Qb6 22.f4 Ned7
23.Be3 Rfe8 24.Qc2 Qd8 25.Bf2 Nh5 26.Qd2 Bh6 27.g3 Ne5 28.Be2 c4 29.Qc2 Nd3
30.Bxd3 cxd3 31.Qxd3 Qd7 32.Kh2 b5 33.axb5 axb5 34.Ne2 Nf6 35.Nd4 Qa7 36.Ra1 Qc5
37.Rac1 Qa7 38.Re2 Qb7 39.Nc6 Ra8 40.Rce1 Rac8 41.Rc2 Nd7 42.e5 dxe5 43.fxe5 Bg7
44.Bd4 Nb8 45.Nxb8 Qxd5 46.Rxc8 Rxc8 47.Na6 Rd8 48.Re4 Bxe5 49.Nb4 Bxg3+
50.Kxg3 Qd6+ 51.Kg2 Qxb4 52.Qe3 h5 53.Bc3 Qf8  1-0

[Event "Sozina Open"]
[Site "Bar SCG"]
[Date "2005.03.12"]
[Round "9"]
[White "Vavrak,P"]
[Black "Ionescu,Co"]
[Result "1/2-1/2"]
[WhiteElo "2401"]
[BlackElo "2465"]

1.d4 Nf6 2.c4 e6 3.Nf3 c5 4.d5 d6 5.Nc3 exd5 6.cxd5 g6 7.Nd2 Bg7 8.e4 O-O
9.Be2 Na6 10.O-O Nc7 11.a4 b6 12.Nc4 Re8 13.f3 Ba6 14.Bg5 Qd7 15.Qd2 Bxc4
16.Bxc4 a6 17.Rfe1 b5 18.Bf1 bxa4 19.Rxa4 Nfxd5 20.Nxd5 Nxd5 21.Rxa6 Rxa6
22.Bxa6 Bd4+ 23.Kh1 Qa4 24.Bf1 Nb4 25.Bc4 Qc2 26.Qxc2 Nxc2 27.Re2 Nb4  1/2-1/2

[Event "Third Sat A"]
[Site "Novi Sad SCG"]
[Date "2005.03.20"]
[Round "2"]
[White "Kokeza,M"]
[Black "Pilgaard,K"]
[Result "0-1"]
[WhiteElo "2292"]
[BlackElo "2383"]

1.d4 Nf6 2.c4 e6 3.Nf3 c5 4.d5 exd5 5.cxd5 d6 6.Nc3 g6 7.h3 a6 8.a4 Qe7 9.g3 Bg7
10.Bg2 Nbd7 11.O-O Ne4 12.Nxe4 Qxe4 13.Nd2 Qe7 14.Nc4 O-O 15.e4 Rb8 16.f4 b5
17.Na5 Bb7 18.e5 Nb6 19.axb5 axb5 20.Nxb7 Qxb7 21.Qe2 c4 22.Bd2 Rfe8 23.Bc3 Na4
24.Bd4 Qc7 25.Rfe1 Nc5 26.Qe3 Nd3 27.Ra7 Rb7 28.Rea1 dxe5 29.d6 Rxa7 30.dxc7 Rxa1+
31.Kh2 Re1 32.Bc6 Rc8 33.Qxe1 Nxe1 34.Bb6 exf4 35.Bd7 fxg3+ 36.Kh1 g2+ 37.Kg1  0-1

[Event "Norwegian Open"]
[Site "Oslo NOR"]
[Date "2005.03.27"]
[Round "9"]
[White "Bjerke,S"]
[Black "Aandal,K"]
[Result "1-0"]
[WhiteElo "2120"]
[BlackElo "1932"]

1.d4 Nf6 2.c4 c5 3.d5 e6 4.Nc3 exd5 5.cxd5 d6 6.Nf3 g6 7.h3 Bg7 8.e4 O-O
9.Bd3 Re8 10.O-O c4 11.Bxc4 Nxe4 12.Nxe4 Rxe4 13.Bd3 Re8 14.Bg5 Qb6 15.Re1 Bd7
16.Nd2 Na6 17.Ne4 Qd4 18.Qf3 Bf5 19.Rad1 Bxe4 20.Rxe4 Rxe4 21.Bxe4 Qxb2 22.Rb1 Qxa2
23.Rxb7 Qa1+ 24.Kh2 f5 25.Bc2 Nc5 26.Rc7 Re8 27.Bd2 Qd4 28.Be3 Be5+ 29.g3 Qc3
30.Bxf5 Rf8 31.Rxc5 dxc5 32.Be6+ Kg7 33.Bh6+ Kxh6 34.Qxf8+ Bg7 35.Qf4+ g5
36.Qf5 Qf6 37.Qc2 c4 38.Bf5 c3 39.Bxh7 a5 40.Bd3 Qd4 41.Qe2 Qxd5 42.Bc2 Be5
43.Qa6+ Qd6 44.Qb7 Qc7 45.Qe4 Kg7 46.Qg6+ Kf8 47.Qxg5 Qc5 48.Qf5+ Kg7 49.Qf3 Qd4
50.Bb3 Bf6 51.Qb7+ Kh6 52.Kg2 a4 53.Bc2 Bg7 54.Qc6+ Bf6 55.Bxa4 Kg7 56.Bc2 Kf7
57.Bb3+ Ke7 58.h4 Qe5 59.h5 Bg5 60.h6 Bxh6 61.Qxh6 Qe4+ 62.Kh2 c2 63.Qg7+ Kd6
64.Qc3  1-0

[Event "Weekender"]
[Site "Cork IRL"]
[Date "2005.04.02"]
[Round "3"]
[White "Williams,Si"]
[Black "Van Voorthuijsen,PW"]
[Result "1-0"]
[WhiteElo "2466"]
[BlackElo "2249"]

1.d4 Nf6 2.c4 e6 3.Nf3 c5 4.d5 d6 5.Nc3 exd5 6.cxd5 g6 7.Bf4 a6 8.e4 Bg7
9.Qa4+ Bd7 10.Qb3 Qc7 11.e5 Nh5 12.exd6 Qc8 13.Be3 O-O 14.Qb6 Bg4 15.Be2 Nd7
16.Qc7 Qe8 17.O-O Rc8 18.Qxb7 Rb8 19.Qxa6 Rxb2 20.Rac1 Qa8 21.Qxa8 Rxa8 22.Bb5 Nhf6
23.a4 Bf8 24.Nd2  1-0

[Event "2nd K41 Int"]
[Site "Copenhagen DEN"]
[Date "2005.04.04"]
[Round "3"]
[White "Kongsted,H"]
[Black "Olsson,L"]
[Result "0-1"]
[WhiteElo "2236"]
[BlackElo "2319"]

1.d4 Nf6 2.Nf3 e6 3.c4 c5 4.d5 d6 5.Nc3 exd5 6.cxd5 g6 7.e4 Bg7 8.h3 O-O
9.Bd3 Nh5 10.O-O Nd7 11.Bg5 Bf6 12.Be3 Re8 13.Qd2 Ne5 14.Be2 a6 15.a4 b6
16.Rab1 Bg7 17.Nxe5 Rxe5 18.f4 Re8 19.Bxh5 gxh5 20.f5 b5 21.Bg5 f6 22.Bf4 b4
23.Ne2 Rxe4 24.Ng3 Rd4 25.Qe2 Bb7 26.Nxh5 Bxd5 27.Qg4 Ra7 28.Rbe1 Kh8 29.Qg3 Bc6
30.Re6 Be8 31.Qg4 Bxa4 32.Rfe1 Rf7 33.Qg3 Bf8 34.Be3 Rd5 35.Qf3 Re5 36.Qg4 Bc2
37.Rxe5 fxe5 38.Bg5 Qd7 39.Bf6+ Rxf6 40.Nxf6 Qf7 41.Ne4 a5 42.f6 h6 43.Qc8 Bxe4
44.Rxe4 a4 45.Qa8 Kh7 46.Qxa4 Qxf6 47.Re1 Bg7 48.Qc6 Qg6 49.Qd5 e4 50.Rxe4 Bxb2
51.Qb7+ Bg7 52.Rg4 Qf6 53.Qe4+ Kh8 54.Qa8+ Kh7 55.Qe4+ Kh8 56.Qa8+ Qf8 57.Qd5 Qe7
58.Re4 Be5 59.Rg4 Bd4+ 60.Kf1 Qf6+ 61.Ke1 Qf2+ 62.Kd1 Qf1+ 63.Kc2 Qe2+ 64.Kb3 Qd1+
65.Kc4 Qf1+ 66.Kb3 Qd3+ 67.Ka4 Qa6+ 68.Kb3 Qa3+ 69.Kc2 Qc3+ 70.Kd1 Qd3+  0-1

[Event "FSGM April"]
[Site "Budapest HUN"]
[Date "2005.04.09"]
[Round "8"]
[White "Ilincic,Z"]
[Black "Werner,Di"]
[Result "1-0"]
[WhiteElo "2502"]
[BlackElo "2312"]

1.d4 Nf6 2.c4 c5 3.d5 e6 4.Nc3 exd5 5.cxd5 d6 6.Nf3 g6 7.g3 Bg7 8.Bg2 O-O
9.O-O a6 10.a4 Nbd7 11.Nd2 Ne8 12.a5 b5 13.axb6 Nxb6 14.Nb3 Nc4 15.Ra4 Nb6
16.Ra2 Nc4 17.Qd3 Rb8 18.Nd1 Rb4 19.Ne3 Nxe3 20.Qxe3 Nf6 21.Na5 Re8 22.Qa3 Qb6
23.Bd2 Rxe2 24.Bxb4 cxb4 25.Qf3 Rc2 26.Nc6 Bg4 27.Qb3 Rc5 28.Qd3 a5 29.Rfa1 Bd7
30.Nxa5 Ng4 31.Nc6 Rxc6 32.dxc6 Nxf2 33.Ra8+ Bf8 34.Rxf8+ Kxf8 35.Qxd6+ Kg7
36.Qe5+ f6 37.Qe7+ Kh6 38.h3 Bxc6 39.Qa7 Qxa7 40.Rxa7 Bxg2 41.Kxf2 Bd5 42.h4 g5
43.Ra6 gxh4 44.Rxf6+ Kg7 45.Rd6 hxg3+ 46.Kxg3 Bf7 47.Kf4 b3 48.Kg5 Bg6 49.Rd7+ Kf8
50.Kf6 Ke8 51.Re7+ Kd8 52.Ke6 Bc2 53.Kd6 Kc8 54.Rd7 Kb8 55.Rc7 Be4 56.Re7 Bg6
57.Re3 Bc2 58.Kc6 Ka7 59.Re8 Bg6 60.Rd8 Be4+ 61.Kc7 Ka6 62.Rd4 Bc2 63.Kc6 Ka7
64.Rb4 h5 65.Rd4 Kb8 66.Rd8+ Ka7 67.Rh8 Bd1 68.Rh7+ Kb8 69.Rc7 Bc2 70.Re7 Bd1
71.Rh7  1-0

[Event "FSIM April"]
[Site "Budapest HUN"]
[Date "2005.04.13"]
[Round "12"]
[White "Cherniack,A"]
[Black "Brustkern,J"]
[Result "1/2-1/2"]
[WhiteElo "2238"]
[BlackElo "2258"]

1.d4 Nf6 2.c4 c5 3.d5 e6 4.Nc3 exd5 5.cxd5 d6 6.Nf3 g6 7.g3 Bg7 8.Bg2 O-O
9.O-O a6 10.a4 Re8 11.Nd2 Nbd7 12.Nc4 Nb6 13.Na3 Bd7 14.a5 Nc8 15.Nc4 Bb5
16.Qb3 Bxc4 17.Qxc4 b5 18.axb6 Nxb6 19.Qd3 c4 20.Qc2 Qc7 21.Rd1 Nbd7 22.Qa4 Ne5
23.Be3 Nfd7 24.Qa5 Qb8 25.Bd4 Rc8 26.Na4 Qb5 27.Qc3 Qb3 28.Qd2 c3 29.bxc3 Rab8
30.h3 Nc4 31.Qa2 Qxa2 32.Rxa2 Rb5 33.Kh2 Ra5 34.Bxg7 Kxg7 35.Rd4 f5 36.Bf1 Rc7
37.Kg2 Nf6 38.e4 Nb6 39.Rb4 Rxa4 40.Raxa4 Nxa4 41.Rxa4 Nxe4 42.Rxa6 Rxc3
43.Rc6 Rb3 44.g4 Rb2 45.gxf5 gxf5 46.Kg1 Rxf2 47.Bg2 Rd2 48.Bxe4 fxe4 49.Rxd6 e3
50.Re6 Rxd5 51.Rxe3 Rd2 52.Rg3+ Kf6  1/2-1/2

[Event "ch-RUS u18"]
[Site "Nojabrsk RUS"]
[Date "2005.04.13"]
[Round "8"]
[White "Verzhansky,A"]
[Black "Garakov,M"]
[Result "1-0"]
[WhiteElo "2360"]
[BlackElo "2359"]

1.d4 Nf6 2.c4 e6 3.Nc3 c5 4.d5 exd5 5.cxd5 d6 6.Nf3 g6 7.h3 Bg7 8.e4 O-O
9.Bd3 a6 10.a4 Re8 11.O-O Qc7 12.Re1 Nbd7 13.Bf4 Rb8 14.Bc4 Nb6 15.Bf1 Nfd7
16.Rc1 h6 17.b4 g5 18.Bh2 Ne5 19.Nxe5 Bxe5 20.Bxe5 Rxe5 21.bxc5 Qxc5 22.Qh5 Qa3
23.Qxh6 Bd7 24.Ne2 f6 25.Ng3 Rf8 26.Nh5 Re7 27.Qg6+ Kh8  1-0

[Event "ch-UKR w u20"]
[Site "Kharkiv UKR"]
[Date "2005.04.20"]
[Round "2"]
[White "Maiko,A"]
[Black "Matseyko,K"]
[Result "1-0"]
[WhiteElo "2075"]
[BlackElo "2174"]

1.d4 Nf6 2.Nf3 c5 3.d5 e6 4.c4 exd5 5.cxd5 d6 6.Nc3 g6 7.Nd2 a6 8.a4 Nbd7
9.Nc4 Nb6 10.Nxb6 Qxb6 11.a5 Qd8 12.Bf4 Nh5 13.Qa4+ Qd7 14.Qe4+ Be7 15.Bg5 f6
16.Bd2 O-O 17.Qa4 Qc7 18.e3 f5 19.Be2 Nf6 20.h4 b5 21.axb6 Qxb6 22.Qc2 Rb8
23.Ra2 Rf7 24.O-O Bb7 25.Bc4 Nd7 26.h5 Bf8 27.Ne2 Ne5 28.Ba5 Qa7 29.Nf4 Bh6
30.Ne6 Re8 31.Qa4 Qa8 32.b3 Rxe6 33.dxe6 Re7 34.f4 Ng4 35.Qd7 Bf8 36.Qd8 d5
37.Qxa8 Bxa8 38.Bxa6 Rxe6 39.Bb5 Rxe3 40.Bc7 Rxb3 41.Rxa8 Rxb5 42.Bd6 Kf7
43.Bxf8 c4 44.Rfa1 d4 45.R1a7+ Kf6 46.Bg7+ Ke6 47.Re8+ Kd5 48.Re1 d3 49.Rd7+ Kc6
50.Rd4 Kc5 51.Rc1 Rb4 52.Rxd3 gxh5 53.Bf8+ Kb5 54.Bxb4 cxd3 55.Bd2  1-0

[Event "Torch Real Estate Cup"]
[Site "Jinan CHN"]
[Date "2005.04.21"]
[Round "2"]
[White "Li Wenliang"]
[Black "Zhang Ziyang"]
[Result "0-1"]
[WhiteElo "2422"]
[BlackElo "2209"]

1.d4 Nf6 2.c4 c5 3.d5 e6 4.Nc3 exd5 5.cxd5 d6 6.Nf3 g6 7.h3 Bg7 8.e4 O-O
9.Bd3 b5 10.Bxb5 Nxe4 11.Nxe4 Qa5+ 12.Nfd2 Qxb5 13.Nxd6 Qa6 14.N2c4 Nd7 15.O-O Ne5
16.Nxe5 Bxe5 17.Nxc8 Raxc8 18.Re1 Rfe8 19.Bh6 Qf6 20.Qg4 Bxb2 21.Rad1 Bd4
22.Kh1 Qxf2 23.Rf1 f5 24.Qg5 Qe2 25.Qg3 Qe5 26.Qb3 Rb8 27.Qc4 Rb4 28.Qa6 Rb2
29.Qc6 Qe4 30.Rd2 Rb6 31.Qa4 Re7 32.Bg5 Rf7 33.Qc4 Rb4 34.Qa6 Qxd5 35.Bh6 Rb8
36.Re1  0-1

[Event "62nd ch-POL"]
[Site "Poznan POL"]
[Date "2005.04.21"]
[Round "1"]
[White "Socko,B"]
[Black "Moranda,W"]
[Result "1/2-1/2"]
[WhiteElo "2583"]
[BlackElo "2452"]

1.d4 Nf6 2.c4 c5 3.d5 e6 4.Nc3 exd5 5.cxd5 d6 6.Nf3 g6 7.Nd2 Bg7 8.e4 O-O
9.Be2 Re8 10.O-O Na6 11.f3 Nc7 12.a4 b6 13.Kh1 Rb8 14.Nb5 a6 15.Na7 Bb7 16.Nc4 Nfxd5
17.exd5 Nxd5 18.a5 b5 19.Na3 Qxa5 20.N7xb5 axb5 21.Bxb5 Red8 22.Bc4 Nf6 23.Bf4 Qb6
24.Rb1 Rbc8 25.Re1 d5 26.Bb5 Bc6 27.Bf1 Re8 28.Be3 Qa5 29.Nc2 Bf8 30.b4 cxb4
31.Qd4 Nd7 32.Nxb4 Bg7 33.Qd3 Ne5 34.Qa6  1/2-1/2

[Event "Open"]
[Site "Metz FRA"]
[Date "2005.04.22"]
[Round "7"]
[White "Dunis,A"]
[Black "Laurent,B"]
[Result "1/2-1/2"]
[WhiteElo "2485"]
[BlackElo "2358"]

1.d4 e6 2.c4 Nf6 3.Nf3 c5 4.d5 exd5 5.cxd5 d6 6.Nc3 g6 7.e4 Bg7 8.h3 O-O
9.Bd3 b6 10.O-O Ba6 11.Bf4 Ne8 12.e5 c4 13.Be2 Nd7 14.exd6 Nc5 15.Re1 Nxd6
16.Bf1 Nd3 17.Bxd3 cxd3 18.Qa4 Bb7 19.Rad1 Rc8 20.Bg5 Qc7 21.Re7 Qc5 22.Be3 Qc4
23.Qa3 Bxc3 24.Qxc3 Qxd5 25.Qxd3 Nf5 26.Rd7 Qxd3 27.R1xd3 Bxf3 28.gxf3 Rc2
29.Rxa7 Rxb2 30.Bg5 f6 31.Bd2 Rf7 32.Rd8+ Kg7 33.Raa8 Re7 34.Rg8+ Kf7 35.Raf8+ Ke6
36.Bc3 Rxa2 37.Rxf6+ Kd5 38.Rd8+ Kc5 39.Rc8+ Kd5 40.Rd8+ Kc5 41.Rc8+ Kd5
42.Rd8+  1/2-1/2

[Event "ch-UKR w u20"]
[Site "Kharkiv UKR"]
[Date "2005.04.26"]
[Round "8"]
[White "Maiko,A"]
[Black "Arutyunova,D"]
[Result "0-1"]
[WhiteElo "2075"]
[BlackElo "2343"]

1.d4 Nf6 2.Nf3 c5 3.d5 e6 4.c4 exd5 5.cxd5 d6 6.Nc3 g6 7.Nd2 Nbd7 8.Nc4 Nb6
9.Nxb6 Qxb6 10.a4 Bg7 11.a5 Qd8 12.Bf4 O-O 13.e3 Nh5 14.Bg3 Rb8 15.Be2 Nxg3
16.hxg3 b5 17.Qb3 Qg5 18.a6 Rb6 19.Ra5 c4 20.Qd1 b4 21.Nb5 Qe7 22.Bxc4 Qe4
23.Rh4 Qe7 24.Nd4 Bf6 25.Rh2 Re8 26.Nc6 Qc7 27.Ra2 Bd7 28.Na5 Bb5 29.Bxb5 Rxb5
30.Nc6 b3 31.Ra3 Bxb2 32.Rxb3 Qb6 33.Rxb5 Qxb5 34.Qd2 Bf6 35.f3 Qb3 36.Kf2 Bc3
37.Qe2 Qxd5 38.Rh4 Qxc6 39.Rc4 Qxa6 40.Rxc3 Qb6 41.Qd2 Rb8 42.Rc2 a5 43.Ra2 Ra8
44.Qd5 Rc8 45.g4 Rc5 46.Qd4 Qb1 47.Rb2 Rc2+ 48.Rxc2 Qxc2+ 49.Kg1 Qc1+ 50.Kh2 Qc5
51.Qd3 a4 52.f4 a3 53.Qe4 Qc3 54.f5 Qe5+  0-1